000
00371nam a22001577a 4500
003
MPLRDC
005
20220104114653.0
008
210129b ||||| |||| 00| 0 eng d
082
_a
294.1 CYK
100
_a
陈怡魁
245
_a
偏财的阳宅吉利方位
_c
260
_a
_b
大林出版社
_c
300
_b
平
650
_a
堪舆--相宅
942
_c
BK
_o
294.1 CYK
999
_c
9297
_d
9287